ბათუმის შოთა რუსთაველის სახელმწიფო უნივერსიტეტის ბიბლიოთეკა

Правители эпохи эллинизма / (ბიბ.ჩანაწერი № 60767)

000 -LEADER
fixed length control field 00645nam a22001697a 4500
005 - DATE AND TIME OF LATEST TRANSACTION
control field 20231019160803.0
008 - FIXED-LENGTH DATA ELEMENTS--GENERAL INFORMATION
fixed length control field 231019s1982 ru ||||| |||| 00| 0 rus d
041 ## - LANGUAGE CODE
Language code of text/sound track or separate title rus
080 ## - UNIVERSAL DECIMAL CLASSIFICATION NUMBER
Universal Decimal Classification number 94(38) Б-46
100 ## - MAIN ENTRY--PERSONAL NAME
Personal name Бенгтсон, Г.
9 (RLIN) 20139
245 ## - TITLE STATEMENT
Title Правители эпохи эллинизма /
Statement of responsibility, etc. Пер. с нем. Предисл. Э. Д. Фролова.
264 ## - PRODUCTION, PUBLICATION, DISTRIBUTION, MANUFACTURE, AND COPYRIGHT NOTICE
Place of production, publication, distribution, manufacture М.,
Name of producer, publisher, distributor, manufacturer «Наука»,
Date of production, publication, distribution, manufacture, or copyright notice 1982.
300 ## - PHYSICAL DESCRIPTION
Extent 390 стр.;
Other physical details 20 см.
653 ## - INDEX TERM--UNCONTROLLED
keyword ელინისტური ეპოქის მმართველები
700 ## - ADDED ENTRY--PERSONAL NAME
Personal name Фролов, Э. Д.
Relator term მთარგმნელი
9 (RLIN) 20140
942 ## - ADDED ENTRY ELEMENTS (KOHA)
Source of classification or shelving scheme
Koha item type წიგნი
ეგზემპლარები
Withdrawn status Lost status Source of classification or shelving scheme Damaged status Not for loan Permanent Location Current Location Shelving location Date acquired Cost, normal purchase price Full call number Barcode Date last seen Copy number Uniform Resource Identifier Price effective from Koha item type Public note
          ბათუმის შოთა რუსთაველის სახელმწიფო უნივერსიტეტის მთავარი ბიბლიოთეკა ბათუმის შოთა რუსთაველის სახელმწიფო უნივერსიტეტის მთავარი ბიბლიოთეკა წიგნსაცავი 2023-10-19 7.00 94(38) Б-46 65348 2023-10-19 65348 ბსუ-ს საპატიო დოქტორის გურამ ლორთქიფანიძის საჩუქარი 2023-10-19 წიგნი 7 ლ.